Reasons that Disneyland has Closed - Statistics

General Stats
  • This quiz has been taken 738 times
  • The average score is 3 of 6
Answer Stats
When Reason % Correct
March 14, 2020 - April 30, 2021 Covid pandemic
78%
September 11, 2001 9/11 attacks
76%
November 23, 1963 Assassination of John F. Kennedy
40%
January 17, 1994 Earthquake
35%
August 6, 1970 War protest by Yippies
33%
December 16, 1987 Winter storm
32%
No matching quizzes found
Score Distribution
Percent of People with Each Score
Percentile by Number Answered
Your Score History
You have not taken this quiz